Statistics for Survivor #4: Marquesas trivia

Click here to take the quiz!

General Stats

  • This quiz has been taken 2 times
  • The average score is 16 of 19

Answer Stats

HintAnswer% Correct
What year did this season premiere?2002
100%
Who infamously quoted the godfather, and went on to be the best to play Survivor?"Boston" Rob Mariano
100%
After the reward, what did Neleh offer to everyone to share?Breath mint
100%
Who is the only Rotu to be voted out of the pre-merge?Gabriel Cade
100%
Who was the 1997 national watermelon seed spitting champion?Gina Crews
100%
Who would've won the season if she hadn't had to fix her bra?Kathy Vavrick-O'Brien
100%
Which contestant says "Oh, my heck?"Neleh Dennis
100%
Who is the first person to ever be eliminated via. rock draw?Paschal English
100%
Who did Boston Rob call a "Froot Loop"?Peter Harkey
100%
Which contestant was known as "The General"?Robert DeCanio
100%
What was the name of the tribe in Blue buffs?Rotu
100%
Who did Sean refer to as "Cleopatra"?Sarah Jones
100%
Which contestant was considered the funniest of the season?Sean Rector
100%
Who won the season?Vecepia Towery
100%
What country was this season filmed in?
French Polynesia
50%
What was the name of the tribe in Yellow buffs?Maraamu
50%
What was Vecepia's luxury item?Notebook
50%
What was the name of the merged tribe?Soliantu
50%
What was the name of the fish they had to eat in the 2nd immunity challenge?Fafaru
0%

Score Distribution

Percentile by Number Answered

Percent of People with Each Score

Your Score History

You have not taken this quiz